Statistics for The Lord Of The Rings: The Fellowship Of The Ring Entire Opening Monologue

Click here to take the quiz!

General Stats

  • This quiz has been taken 18,797 times
  • The average score is 315 of 460

Answer Stats

Answer% Correct
a
98%
A
98%
ring
98%
Ring
98%
Ring.
98%
the
98%
The
98%
I
96%
on
94%
to
93%
all
91%
all.
91%
of
91%
Elves,
90%
one
89%
One
89%
in
88%
In
88%
Men
88%
Men,
88%
them,
88%
them
88%
Elves
87%
For
87%
for
87%
Sauron
87%
Sauron,
87%
is
86%
rule
86%
be
85%
Lord
85%
Dwarf
84%
Mount
84%
Dark
83%
And
82%
and
82%
It
82%
it.
82%
it
82%
power.
82%
power
82%
Three
82%
was
82%
Doom
81%
Doom,
81%
nine,
81%
nine
81%
Seven
80%
he
78%
King,
78%
rings
78%
Rings.
78%
were
78%
were,
78%
Earth
76%
Earth,
76%
earth.
76%
Earth.
76%
given
73%
Hobbit.
73%
Mordor,
72%
Mordor.
72%
who
71%
his
70%
Middle
69%
forged
68%
they
68%
Lords,
67%
lost.
67%
lost,
67%
fires
66%
Gollum.
66%
Gollum
66%
Gollum,
66%
Isildur,
66%
Isildur
66%
that
66%
world
66%
world.
66%
But
65%
not
65%
feel
63%
mountain
63%
there,
63%
there
63%
water.
63%
will
63%
creature
62%
fell
62%
air.
61%
by
61%
made.
61%
Shire.
61%
Bilbo
60%
land
59%
race
59%
race.
59%
secret
59%
sword.
59%
this
58%
Baggins
57%
last
57%
Master
57%
when
57%
with
57%
above
56%
desire
56%
Great
56%
great
56%
some
56%
years
56%
another
55%
had
55%
has
55%
time
55%
took
55%
up
55%
alliance
54%
Darkness
54%
five
54%
fought
54%
smell
54%
son
54%
deceived.
53%
evil
53%
once
53%
are
52%
changed.
52%
death.
52%
Free
52%
its
52%
Its
52%
two
52%
came
51%
came,
51%
destroy
51%
else,
51%
into
51%
fairest
50%
gifted
50%
have
50%
own.
50%
wisest,
50%
could
49%
life.
49%
halls.
48%
most
48%
began
47%
betrayed
47%
live
47%
miners
47%
now
47%
should
47%
father's
46%
forgotten
46%
beings.
45%
control
45%
defeated.
45%
forging
45%
hope
45%
long
45%
Peoples
45%
things
45%
thousand
45%
slopes
44%
come
43%
come.
43%
deep
43%
malice
43%
others.
43%
passed
43%
poured
43%
remember
43%
resisted.
43%
these
43%
chance
42%
half
42%
hundred
42%
Mountains.
42%
then
42%
cave.
41%
corrupted.
41%
easily
41%
freedom
41%
him.
41%
mind.
41%
moment,
41%
dominate
40%
none
40%
unlikely
40%
craftsmen
39%
did
39%
enemy
39%
hearts
39%
legend.
39%
Legend
39%
Misty
39%
out
39%
Lands
38%
marched
38%
Much
38%
became
37%
each
37%
forever.
37%
immortal,
37%
myth.
37%
shadow
37%
armies
36%
within
36%
cruelty,
35%
new
35%
picked
35%
History
34%
Hobbits
34%
near.
34%
undone.
34%
Victory
34%
govern
33%
knowledge.
33%
something
33%
against
32%
happened
31%
strength
31%
abandoned
30%
faded,
30%
soon
30%
unnatural
30%
bearer.
29%
imaginable.
29%
poisoned
29%
waited.
29%
consumed
27%
bound
26%
East.
26%
Until,
26%
back
25%
intend.
25%
crept
23%
ensnared
23%
fear.
22%
Gollum's
22%
tunnels
22%
Whispers
22%
brought
21%
shape
21%
forests
20%
grew
20%
nameless
20%
Rumour
20%
fortunes
19%
gloom
19%
perceived.
16%

Score Distribution

Percentile by Number Answered

Percent of People with Each Score

Your Score History

You have not taken this quiz